01045nam a2200241Ia 4500003000900000008004100009020001800050040001600068080002600084111010400110245023700214260003800451300001000489650001900499650004100518650003000559650002500589700003600614700002600650942000700676999001700683952010300700IN-BaIIA211028s9999 xx 000 0 eng d a5-02-024566-6 cIIA Library a524.338.3(082.2)bMAG aInternational Meeting on the problem physics and evolution of starscRussiad1987 Oct. 12-17917609 0aMagnetic starsbproceedings of International meeting on the problem physics and evolution of stars held in Nizny Arkhyz, Russia, 12-17 Oct 1987cedited by Yu. V. Glagolevsky and I. M. Kopylov  aLeningradbNauka Publishingc1988 a327p. aAP stars99396 aAstronomy and astrophysics thesaurus aMagnetic properties92241 aMagnetic stars95410 aGlagolevsky, Yu. V., ed.917610 aKopylov, I. M.917611 cBK c10360d10360 00104070aBANbBANcGENd1992-04-24l0o524.338.3(082.2)/ MAGp11270r2021-11-05w1992-04-24yBK